Frank Sinatra Songs - Sudden Death - Statistics

General Stats
  • This quiz has been taken 335 times
  • The average score is 8 of 20
Answers on the Grid
Answers color-coded by a green-red scale on the quiz's grid according to % correct below.
Fly Me to the Moon
My Way
That's Life
For Once in My Life
All I Do
Have Yourself a Merry Little Christmas
My Funny Valentine
The Payback
Pastime Paradise
The Way You Look Tonight
Living for the City
It Was a Very Good Year
September
Nightshift
Come Fly with Me
Strangers in the Night
Living in America
I've Got You Under My Skin
My Cherie Amour
Ribbon in the Sky
Blue Moon
Hello
Say You, Say Me
Luck Be a Lady
Let It Snow! Let It Snow! Let It Snow!
Superstition
Autumn Leaves
Cherish
High Hopes
I'm a Fool to Want You
Rosie
Ain't No Sunshine
You Make Me Feel So Young
Summer Wind
It Takes Two
Let's Stay Together
Here, My Dear
Take Me to the River
Dream
Silent Night
 
Answer Stats
Answer % Correct
Fly Me to the Moon
95%
My Way
94%
That's Life
77%
Strangers in the Night
51%
Come Fly with Me
50%
Have Yourself a Merry Little Christmas
49%
I've Got You Under My Skin
43%
Luck Be a Lady
39%
Let It Snow! Let It Snow! Let It Snow!
37%
The Way You Look Tonight
37%
You Make Me Feel So Young
36%
My Funny Valentine
33%
It Was a Very Good Year
27%
Blue Moon
24%
I'm a Fool to Want You
21%
Summer Wind
21%
Silent Night
20%
Autumn Leaves
19%
High Hopes
14%
It Takes Two
10%
No matching quizzes found
Score Distribution
Percent of People with Each Score
Percentile by Number Answered
Your Score History
You have not taken this quiz